MARC

LEADER 00000nam0a2200000 4500
001 328973
005 20231102004121.0
035 |a (RuTPU)RU\TPU\book\354713 
090 |a 328973 
100 |a 20170301d1923 k y0rusy50 ca 
101 0 |a rus  |a eng 
102 |a RU 
105 |a a z 001zy 
200 1 |a Собаки каменного века р. Амура  |f А. А. Браунер  |g СССР, Геологический комитет (Геолком) 
210 |a Петербург  |c Типография им. Гуттенберга  |d 1923 
215 |a 23 с.  |c 2 табл. 
225 1 |a Труды Геологического Комитета 
225 1 |a Новая серия  |v Вып. 160 
320 |a Библиогр. в тексте 
606 1 |a Собачьи  |x Палеонтология  |2 stltpush  |3 (RuTPU)RU\TPU\subj\76245  |9 87522 
610 1 |a библиотека М. А. Усова 
610 1 |a собаки 
610 1 |a каменный век 
610 1 |a река Амур 
610 1 |a палеонтология 
675 |a 569.74  |v 4 
700 1 |a Браунер  |b А. А.  |c зоолог, писатель  |f 1857-1941  |g Александр Александрович  |2 stltpush  |3 (RuTPU)RU\TPU\pers\36835  |9 19864 
712 0 1 |a СССР  |b Геологический комитет (Геолком)  |c (1922-1930)  |2 stltpush  |3 (RuTPU)RU\TPU\col\18484 
801 1 |a RU  |b 63413507  |c 20170301 
801 2 |a RU  |b 63413507  |c 20170322  |g RCR 
942 |c BK